000 01127nam a22003497a 4500
003 CHAP
005 20220817042149.0
008 971013s1976 r 00010 d
010 _a36434
011 _a37406
035 _a41526
040 _cCHAP
090 _aFolleto 4462 (1976)
110 _aMéxico. Dirección de Agrología
_976930
245 _aMetodología para el informe de un estudio agrológico semitdetallado
250 _a3 ed.
260 _aMéxico, D.F. :
_bLa Dirección,
_c1976
300 _as.p.
490 _aPublicación
_v; 4
590 _aBATCH-UPD
_b10
_c20130109
_lUCH01
_h2357
590 _aBATCH-UPD
_b10
_c20130110
_lUCH01
_h1331
590 _aBATCH-UPD
_b10
_c20130409
_lUCH01
_h1931
590 _aBATCH-UPD
_b10
_c20130410
_lUCH01
_h0836
590 _aBATCH-UPD
_b10
_c20130914
_lUCH01
_h1946
590 _aCONVERSION
_b10
_c20130109
_lUCH01
_h1320
650 1 4 _aAgricultura
_xInvestigacion
_xMetodologia.
_91641
650 1 4 _aSuelos
_xInvestigación.
_9110405
830 0 _aPublicación
_v; 4
901 _aBK
942 _cFOLL
949 _aFolleto 4462 (1976)
_bBC
_cFOLL
_d-95169
_eTS1
_i41526
_mD
_si
999 _c36434
_d36434